| 000 | 00697nam a22001817a 4500 | ||
|---|---|---|---|
| 999 |
_c536151 _d536151 |
||
| 003 | NUST | ||
| 038 | _aIESE | ||
| 082 |
_a628 _bMUH |
||
| 100 |
_aMuhammad Jehanzeb Khan, Muhammad Uzair, Muhammad Uzair Tariq, Hassan Raza. _931093 |
||
| 245 |
_aMethane producation from algae grown on treated wastewater. _cMuhammad Jehanzeb Khan, Muhammad Uzair, Muhammad Uzair Tariq, Hassan Raza. |
||
| 260 |
_aIslamabad _bIESE (SCEE) NUST _c2020 |
||
| 300 | _a38p. | ||
| 440 |
_aUG Environmental Engineering _91834 |
||
| 500 | _aThesis UG EE | ||
| 650 |
_aEnvironmental Engineering _91550 |
||
| 700 | _4Dr. Zeshan Sheikh (Supervisor) | ||
| 942 |
_2ddc _cTHE _kIESE |
||